Ciudad en disputa: Entre la gentrificación, las políticas de renovación urbana y el arte
Una tesis usual en la modernidad (por ejemplo, Habermas, 1989) es que con el proceso de secularización/racionalización se ha producido una pérdida de la unidad cultural y la separación de las esferas de valor. En su conocida tesis de las dos culturas, el científico y novelista C.P. Snow (1959) refle...
Salvato in:
| Autore principale: | |
|---|---|
| Natura: | Libro |
| Lingua: | Spanish |
| Accesso online: | https://repositorio.iis.ucr.ac.cr/handle/123456789/613 |
| Tags: |
Aggiungi Tag
Nessun Tag, puoi essere il primo ad aggiungerne!!
|
MARC
| LEADER | 00000nam a22000007a 4500 | ||
|---|---|---|---|
| 003 | cru CIDCACS/IIS | ||
| 005 | 20230704160508.0 | ||
| 008 | 230704b2020 cr ||||| |||| 00| 0 spa d | ||
| 022 | |2 1665-8027 | ||
| 040 | |c cru CIDCACS/IIS | ||
| 090 | |a 05.02.01 C397l | ||
| 100 | 1 | |d 1964- | |
| 245 | |a Ciudad en disputa: |b Entre la gentrificación, las políticas de renovación urbana y el arte |c Susan Campos-Fonseca y Sergio Villena-Fiengo | ||
| 300 | |a 7-14 páginas | ||
| 520 | |a Una tesis usual en la modernidad (por ejemplo, Habermas, 1989) es que con el proceso de secularización/racionalización se ha producido una pérdida de la unidad cultural y la separación de las esferas de valor. En su conocida tesis de las dos culturas, el científico y novelista C.P. Snow (1959) reflexiona sobre uno de los resultados de esa ruptura: la incomunicación entre las ciencias y las humanidades. | ||
| 773 | 0 | |0 45152 |9 9495 |a Universidad de Ciencias y Artes de Chiapas. Centro de Estudios Supreriores de México y Centroamérica |d San Cristobal de las Casas, Chiapas, México SEMECA 2020 |o 23360 |t Liminar |x 1665-8027 | |
| 856 | |u https://repositorio.iis.ucr.ac.cr/handle/123456789/613 | ||
| 942 | |2 z |c PP | ||
| 999 | |c 45165 |d 45165 | ||
